Discursos leídos ante la Real Academia de Bellas Artes de San Fernando, en la recepción pública de... Ramón Stolz Viciano ;[contestación de... Enrique Lafuente Ferrari] : (Record no. 190200)

MARC details
000 -LEADER
campo de control de longitud fija 00860nam a2200193 i 4500
001 - NÚMERO DE CONTROL
campo de control 190200
003 - IDENTIFICADOR DE NÚMERO DE CONTROL
campo de control ES-MaACL
005 - FECHA Y HORA DE LA ÚLTIMA TRANSACCIÓN
campo de control 20250821092338.0
008 - DATOS DE LONGITUD FIJA--INFORMACIÓN GENERAL
campo de control de longitud fija 200914s1958 sp |||| | spa d
245 00 - MENCIÓN DEL TÍTULO
Título Discursos leídos ante la Real Academia de Bellas Artes de San Fernando, en la recepción pública de... Ramón Stolz Viciano ;[contestación de... Enrique Lafuente Ferrari] :
Resto del título tema: sobre el oficio de pintor y la pintura al fresco.
260 ## - PUBLICACIÓN, DISTRIBUCIÓN, ETC.
Lugar de publicación, distribución, etc. Madrid :
Nombre del editor, distribuidor, etc. Real Academia de Bellas Artes de San Fernando,
Fecha de publicación, distribución, etc. 1958.
300 ## - DESCRIPCIÓN FÍSICA
Extensión 95 p., 2 lám. :
Otras características físicas il. ;
Dimensiones 24 cm.
650 #7 - PUNTO DE ACCESO ADICIONAL DE MATERIA--TÉRMINO DE MATERIA
Término de materia o nombre geográfico como elemento de entrada Pintura mural
Fuente del encabezamiento o término embne
9 (RLIN) 170313
700 1# - ENTRADA AGREGADA--NOMBRE PERSONAL
Nombre de persona Stolz Viciano, Ramón.
9 (RLIN) 108299
700 1# - ENTRADA AGREGADA--NOMBRE PERSONAL
Nombre de persona Lafuente Ferrari, Enrique,
Fechas asociadas al nombre 1898-1985
9 (RLIN) 69538
710 2# - ENTRADA AGREGADA--NOMBRE DE ENTIDAD CORPORATIVA
Nombre de entidad corporativa o nombre de jurisdicción como elemento de entrada Real Academia de Bellas Artes de San Fernando.
9 (RLIN) 6291
852 ## - LOCALIZACIÓN
Ubicación ES-MaACL
Número de control de estantería F-M-III-N
Holdings
Estatus retirado Estado de pérdida Estado de daño No para préstamo Biblioteca de origen Biblioteca actual Ubicación en estantería Fecha de adquisición Fuente de adquisición Total de préstamos Signatura topográfica completa Código de barras Visto por última vez Precio de reemplazo Tipo de ítem Koha
        Biblioteca del Ateneo de Madrid Biblioteca del Ateneo de Madrid Administración 19/05/2005     F-M-III-N 1201973 23/02/2023 23/02/2023 Libro impreso